| 000 | 01364nam a22003011i 4500 | ||
|---|---|---|---|
| 005 | 20200806151831.0 | ||
| 008 | 200806s2017 ii a j |||| 000 1 tam d | ||
| 020 |
_cRM 14.00 _qpaperback |
||
| 040 |
_aPPAK _beng _cPPAK _erda |
||
| 082 | 0 | 4 |
_223 _a894.8112 |
| 090 | 0 | 0 |
_a894.8112 _bGAN _dK |
| 100 | 1 | 0 |
_6880-01 _aGanesan, M. _eauthor. |
| 245 | 1 | 0 |
_6880-02 _aARAM SEYYA VIRUMBUVOM ! : _b(NADAKA VADIVIL AATHISOODI KADHAIKAL / _cM. Ganesan ; illustration: Rohini Kumar |
| 246 | 3 |
_aAr̲am ceyya virumpuvōm! : _b(Nāṭak vaṭivil ātticūṭi kataikaḷ) |
|
| 264 | 1 |
_aChennai, India: _bBooks For Children, _c2017. |
|
| 300 |
_a64 pages : _billustration (black and white) ; _c23 cm. |
||
| 336 |
_2rdacontent _atext |
||
| 337 |
_2rdamedia _aunmediated |
||
| 338 |
_2rdacarrier _avolume |
||
| 546 | _aIn Tamil. | ||
| 650 | 1 | 0 |
_aTamil drama _vJuvenile literature. |
| 650 | 2 | 0 | _aChildren's plays, Tamil. |
| 700 | 1 | 0 |
_6880-03 _aKumar, Rohini _eillustrator. |
| 880 | 1 | 0 |
_6100-01 _aகணேசன். மோ., |
| 880 | 1 | 0 |
_6245-02 _aஅறம் செய்ய விரும்புவோம்! : _b(நாடக் வடிவில் ஆத்திசூடி கதைகள்) / _cமோ.கணேசன்; சித்திரம்: ரோஹிணி குமார் |
| 880 | 1 | 0 |
_6700-03 _aகுமார், ரோஹிணி |
| 942 |
_2ddc _cB |
||
| 999 |
_c178528 _d178527 |
||